000 00476nam a2200205Ia 4500
003 OSt
005 20220923230826.0
006 a|||||r|||| 00| 0
007 ta
008 Pun
024 _a305,893
037 _cTextual
040 _aARTS
_cARTS
_bPun
041 _2Pun
_aPun
082 _aP111:4k, 153K8
245 0 _aਪਰਿਭਾFਿਕ Fਬਦ ਸੰਗ੍ਰਹ
260 _c1968
942 _hP111:4k, 153K8
_cTEXL
_2CC
999 _c387680
_d387680